| 000 | 01303cam a22003494a 4500 | ||
|---|---|---|---|
| 999 |
_c28094 _d28065 |
||
| 001 | 16075134 | ||
| 003 | EG-ScBUE | ||
| 005 | 20200215110738.0 | ||
| 008 | 100129s2011 enkab f b 001 0 eng d | ||
| 020 | _a9780415492423 (pbk.) | ||
| 040 |
_aDLC _beng _erda _cDLC _dDLC _dEG-ScBUE |
||
| 082 | 0 | 4 |
_a330.722 _bMOB _222 |
| 245 | 0 | 0 |
_aMobile methods / _cedited by Monika Büscher, John Urry and Katian Witchger. |
| 264 | 1 |
_aMilton Park, Abingdon, Oxon ; _aNew York, NY : _bRoutledge, Taylor and Francis Group, _c2011. |
|
| 300 |
_axv, 206 pages : _billustrations, maps ; _c23 cm |
||
| 336 |
_2rdacontent _atext _btxt |
||
| 337 |
_2rdamedia _aunmediated _bn |
||
| 338 |
_2rdacarrier _avolume _bnc |
||
| 504 | _aIncludes bibliographical references and index. | ||
| 650 | 7 |
_aSocial sciences _xResearch. _2BUEsh |
|
| 650 | 7 |
_aSocial change. _2BUEsh |
|
| 650 | 7 |
_aMovement (Philosophy) _2BUEsh |
|
| 653 |
_bCOMAME _cFebruary2020 |
||
| 655 |
_vReading book _934232 |
||
| 700 | 1 |
_aBüscher, Monika, _d1964- _eeditor. |
|
| 700 | 1 |
_aUrry, John, _eeditor. _939379 |
|
| 700 | 1 |
_aWitchger, Katian, _eeditor. |
|
| 906 |
_a7 _bcbc _corignew _d1 _eecip _f20 _gy-gencatlg |
||
| 942 |
_2ddc _cBB |
||